<?xml version="1.0" encoding="UTF-8"?>
<record
    xmlns:xsi="http://www.w3.org/2001/XMLSchema-instance"
    xsi:schemaLocation="http://www.loc.gov/MARC21/slim http://www.loc.gov/standards/marcxml/schema/MARC21slim.xsd"
    xmlns="http://www.loc.gov/MARC21/slim">

  <leader>01113nam a2200277 i 4500</leader>
  <controlfield tag="001">186548</controlfield>
  <controlfield tag="003">SpMaBN</controlfield>
  <controlfield tag="005">20250928132348.0</controlfield>
  <controlfield tag="008">161124s1958    gw           |||| | grc</controlfield>
  <datafield tag="100" ind1="0" ind2=" ">
    <subfield code="a">Sexto Emp&#xED;rico.</subfield>
    <subfield code="9">105957</subfield>
  </datafield>
  <datafield tag="245" ind1="1" ind2="0">
    <subfield code="a">Pyrroneion ypotyposeon </subfield>
    <subfield code="b">: libros tres continens / </subfield>
    <subfield code="c">recensuit Hermannus Mutschmann.</subfield>
  </datafield>
  <datafield tag="246" ind1="3" ind2="3">
    <subfield code="a">Esbozos pirr&#xF3;nicos</subfield>
  </datafield>
  <datafield tag="250" ind1=" " ind2=" ">
    <subfield code="a">Ed. stereotypam emendatam cur. addenda et corrigenda </subfield>
    <subfield code="b">adiecit I. Mau.</subfield>
  </datafield>
  <datafield tag="260" ind1=" " ind2=" ">
    <subfield code="a">Lipsiae : </subfield>
    <subfield code="b">in aedibus B.G. Teubneri, </subfield>
    <subfield code="c">1958.</subfield>
  </datafield>
  <datafield tag="300" ind1=" " ind2=" ">
    <subfield code="a">XXXII, 221 p. ; </subfield>
    <subfield code="c">21 cm.</subfield>
  </datafield>
  <datafield tag="490" ind1="1" ind2=" ">
    <subfield code="a">Bibliotheca Scriptorum Graecorum et Romanorum Teubneriana</subfield>
  </datafield>
  <datafield tag="490" ind1="1" ind2=" ">
    <subfield code="a">Sexti Empirici opera ; </subfield>
    <subfield code="v">1</subfield>
  </datafield>
  <datafield tag="546" ind1=" " ind2=" ">
    <subfield code="a">Texto griego, introducci&#xF3;n y notas en lat&#xED;n.</subfield>
  </datafield>
  <datafield tag="650" ind1="0" ind2="4">
    <subfield code="a">Esc&#xE9;pticos.</subfield>
    <subfield code="9">12356</subfield>
  </datafield>
  <datafield tag="700" ind1="1" ind2=" ">
    <subfield code="a">Mutschmann, Hermann, </subfield>
    <subfield code="d">1882-1918</subfield>
    <subfield code="9">161367</subfield>
  </datafield>
  <datafield tag="700" ind1="1" ind2=" ">
    <subfield code="a">Mau, J&#xFC;rgen.</subfield>
    <subfield code="9">161368</subfield>
  </datafield>
  <datafield tag="830" ind1="0" ind2=" ">
    <subfield code="a">Bibliotheca Scriptorum Graecorum et Romanorum Teubneriana</subfield>
    <subfield code="9">192574</subfield>
  </datafield>
  <datafield tag="830" ind1="0" ind2=" ">
    <subfield code="a">Sexti Empirici opera ; </subfield>
    <subfield code="v">1</subfield>
    <subfield code="9">192575</subfield>
  </datafield>
  <datafield tag="852" ind1=" " ind2=" ">
    <subfield code="a">ES-MaACL</subfield>
    <subfield code="j">L-30896 </subfield>
    <subfield code="z">- enc. cart. </subfield>
    <subfield code="z">. - Biblioteca Jacinto Mart&#xED;nez Lacalle</subfield>
  </datafield>
  <datafield tag="999" ind1=" " ind2=" ">
    <subfield code="c">186548</subfield>
    <subfield code="d">186548</subfield>
  </datafield>
  <datafield tag="952" ind1=" " ind2=" ">
    <subfield code="0">0</subfield>
    <subfield code="1">0</subfield>
    <subfield code="4">0</subfield>
    <subfield code="7">0</subfield>
    <subfield code="a">ATENEOM</subfield>
    <subfield code="b">ATENEOM</subfield>
    <subfield code="c">DEPO2</subfield>
    <subfield code="d">2016-11-24</subfield>
    <subfield code="e">DON</subfield>
    <subfield code="l">0</subfield>
    <subfield code="o">L-30896</subfield>
    <subfield code="p">1196716</subfield>
    <subfield code="r">2023-02-23 00:00:00</subfield>
    <subfield code="w">2023-02-23</subfield>
    <subfield code="y">MONOGRAFIA</subfield>
  </datafield>
</record>
